| 000 | 00692nam a2200205Ia 4500 | ||
|---|---|---|---|
| 999 |
_c49510 _d49510 |
||
| 003 | GCL | ||
| 005 | 20240530104640.0 | ||
| 008 | 140319s9999 xx 000 0 ara d | ||
| 040 |
_aGCL / _cGCL |
||
| 082 | 0 | 4 |
_a229.461 \ _bع ا |
| 100 | 0 | _aعبدالحميد محمد عبدالعزيز | |
| 245 | 1 | 0 |
_aالانسان بين المعارف الطبية والحقاثق القرانية / _cعبدالحميد محمد عبدالعزيز |
| 300 |
_a205 ص. ؛ _c24 سم. |
||
| 490 |
_aايات الله فى الافاق والانفس _v0 |
||
| 650 | 0 | 4 | _aالاسلام |
| 650 | 0 | 4 | _aالانسان |
| 650 | 0 | 4 | _aالدين والعلم |
| 650 | 0 | 4 | _aالقران |
| 942 |
_2ddc _cBK |
||